000 00584cab a2200217 4500
001 WB3021-37
008 090401t1994 xxu||||| |||| 00| 0 eng d
035 _a(Sirsi) u62119
041 _aeng
245 _aHousing shortage in Israel
260 _c1994
350 _a0
490 _aFinancial Times
_v30 May 1994, 4(1)
520 _aExamines the lack of land and labour in Israel, which has led to a crucial housing shortage.
650 _aHOUSE PRICES
650 _aISRAEL
690 _aLAND
690 _aOVERSEAS-REST OF THE WORLD
942 _n0
948 _c04/03/1997
999 _c38581
_d38581